Educational psychology in the classroom

Saved in:
Bibliografiske detaljer
Hovedforfatter: Lindgren, Henry Clay (autor)
Format: Bog
Sprog:engelsk
Udgivet: Nueva York John Wiley 1976
Udgivelse:5a. ed
Fag:
Tags: Tilføj Tag
Ingen Tags, Vær først til at tagge denne postø!

MARC

LEADER 00000nam a2200000 a 4500
001 UCQ8779
003 CL-VaPUC
008 981217e19760000US |||||||||||||||||eng|d
082 0 4 |a 370.15  |b LIN  |2 21 
100 |a Lindgren, Henry Clay  |e autor  |9 422995 
245 1 0 |a Educational psychology in the classroom 
250 |a 5a. ed 
300 |a 521 p 
942 |c BK 
945 |d 19981217 00:00:00  |a cmena 
260 |a Nueva York  |b John Wiley  |c 1976 
650 0 |a Psicología educacional   |9 307830 
650 0 |a Métodos de enseñanza  |9 270413 
650 0 |a Psicología del desarrollo  |9 307541 
650 0 |a Aprendizaje   |9 254827 
650 0 |a Procesos mentales superiores  |9 330839 
650 0 |a Motivación   |9 315362 
650 7 |a MEDIO AMBIENTE FAMILIAR  |2 CL-VaPUC  |9 383232 
650 0 |a Relaciones interpersonales  |9 307056 
650 7 |a DISCIPLINA  |2 CL-VaPUC  |9 308401 
650 0 |a Cognición   |9 270347 
650 0 |a Rol del docente  |9 329733 
650 0 |a Problemas sociales  |9 258537 
583 |a last modification  |c 19981217 00:00:00  |k Rodrigo Vera 
999 |c 277956  |d 277954